000 00341nam a2200133Ia 4500
008 100328s9999 xx 000 0 und d
082 _b60821
100 _aकाकडे द.स.
245 _aघरभेदी.
260 _bपार्टनर.
630 _aघरभेदी.
730 _aघरभेदी.
942 _cBOOK
999 _c546939
_d546936